| 000 | 00803nam a22002533u 4500 | ||
|---|---|---|---|
| 008 | |||
| 020 | _a9781847010513 (hbk.) | ||
| 049 | _aMAIN | ||
| 090 |
_aDT2959 _bSCH |
||
| 100 | 1 | _aSchmidt, Heike I. | |
| 245 | 1 | 0 |
_aColonialism and violence in Zimbabwe : _ba history of suffering / _cHeike I Schmidt. |
| 260 |
_aWoodbridge : _bJames Currey, _c2013. |
||
| 300 |
_axvi, 287 p. : _bill. ; _c25 cm. |
||
| 500 | _aIncludes index. | ||
| 504 | _aIncludes bibliographical references. | ||
| 650 | 4 |
_aZimbabwe _xHistory _x1890-1965. |
|
| 650 | 4 |
_aZimbabwe _xRace relations. |
|
| 650 | 4 |
_aZimbabwe _xSocial conditions _x1890-1965. |
|
| 907 |
_a.b10330756 _b23-05-13 _c15-05-13 |
||
| 003 | |||
| 005 | 20230123122009.0 | ||
| 040 | _cNUST | ||
| 942 |
_cBOOKS _kDT2959 _mSCH |
||
| 999 |
_c126025 _d126025 |
||